000 01170nam a22002177a 4500
003 NALT
005 20220202114610.0
008 s2543 th o tha d
040 _aNALT
086 _aนร 05 3.5 352.4 2544
110 2 _aสำนักนายกรัฐมนตรี.
_9619
_bสำนักงบประมาณ
245 1 0 _aเอกสารงบประมาณ ฉบับที่ 3 งบประมาณรายจ่าย ประจำปีงบประมาณ พ.ศ. 2544 เล่มที่ 11 ทบวงมหาวิทยาลัย /
_cสำนักงบประมาณ.
260 _aกรุงเทพฯ :
_bสำนักงบประมาณ,
_c2543.
300 _a702 หน้า :
_bตาราง ;
_c26 ซม.
610 2 4 _aทบวงมหาวิทยาลัย
_949325
_xงบประมาณ
_y2544
650 0 _aงบประมาณ
_zไทย
_y2544
_931888
650 0 _aงบประมาณรายจ่าย
_y2544
_949315
850 _aNALT
942 _cGOV
_2lcc
998 _bSOPAPORN
_j1020
_k จำเรียง ระวังสำโรง
999 _c37400
_d37400